| 000 | 00433nam a2200169Ia 4500 | ||
|---|---|---|---|
| 008 | 230711s9999||||xx |||||||||||||| ||und|| | ||
| 020 | _a977-0-85711-265-1 | ||
| 041 | _aENG | ||
| 082 |
_a615.7045 _bPR-S |
||
| 100 | _aPreston, Claire L | ||
| 245 | 0 | _aStockley's drug interactions pocket companion 2016 | |
| 250 | _a1st Ed. | ||
| 260 |
_c2016 _aLondon _bPharmaceutical Press |
||
| 300 | _a711p. | ||
| 650 | _aPharmacy | ||
| 942 | _cBK | ||
| 999 |
_c7156 _d7156 |
||